[Event "Titled Tuesday intern op 23rd Apr Late"]
[Site "Chess.com INT"]
[Date "2024.04.23"]
[Round "7"]
[White "Pakleza, Zbigniew"]
[Black "Mendes, Aaron Reeve"]
[Result "1-0"]
[WhiteElo "2489"]
[BlackElo "2288"]
[PlyCount "205"]
[EventDate "2024.04.23"]
[EventType "swiss (blitz)"]
[EventRounds "11"]
[EventCountry "USA"]
[SourceTitle "CB18_2024"]
[SourceDate "2024.05.01"]
[SourceVersion "1"]
[SourceVersionDate "2024.05.01"]
[SourceQuality "2"]

1. d4 Nf6 2. Nf3 b6 3. Bf4 Bb7 4. e3 d6 5. h3 Nbd7 6. Be2 g6 7. a4 a6 8. 0-0 Bg7 9. Nbd2 0-0 10. Bh2 Re8 11. c3 c5 12. Qb3 Rc8 13. Bc4 d5 14. Be2 e6 15. Rfd1 Bf8 16. c4 cxd4 17. exd4 dxc4 18. Nxc4 Bd5 19. Rac1 Ne4 20. Qd3 Ndf6 21. Ne3 Bb7 22. Ne5 Nd6 23. Bf3 Qe7 24. Nxg6 hxg6 25. Bxd6 Qxd6 26. Bxb7 Rxc1 27. Rxc1 e5 28. d5 a5 29. Rc6 Qd8 30. d6 Re6 31. Nc4 Nd7 32. Rc8 Qg5 33. Bd5 Rf6 34. Qe3 Qf5 35. Be4 Qe6 36. Qh6 Qxc4 37. Qxf8+ Nxf8 38. Rxc4 Rxd6 39. Rc7 Nd7 40. b3 Nc5 41. Bf3 Nxb3 42. g4 Nc5 43. Bc6 e4 44. Bb5 Rd1+ 45. Kg2 Ne6 46. Rc6 Nf4+ 47. Kh2 g5 48. Rxb6 Rd2 49. Kg3 Rb2 50. Rb8+ Kg7 51. Ra8 Rb3+ 52. Kh2 Rxh3+ 53. Kg1 Rh4 54. Rxa5 Rxg4+ 55. Kf1 Nh3 56. Ke2 Rf4 57. Ra7 Nxf2 58. Ke3 Ng4+ 59. Kd4 e3+ 60. Kd3 Rf2 61. a5 Rd2+ 62. Kc3 Rd5 63. Bc4 Rf5 64. a6 Ne5 65. Bb5 Nf3 66. Rb7 g4 67. a7 Rxb5 68. Rxb5 e2 69. Rb1 e1Q+ 70. Rxe1 Nxe1 71. a8Q Nf3 72. Qe4 Ng5 73. Qxg4 Kg6 74. Qg2 f6 75. Kd4 Kf5 76. Ke3 Ke5 77. Qc2 Ke6 78. Qc6+ Ke5 79. Qc5+ Ke6 80. Kf4 Nh3+ 81. Kg4 Ng5 82. Qb5 Nf7 83. Qb6+ Ke7 84. Kf5 Nd6+ 85. Kg6 Ke6 86. Qb3+ Ke5 87. Qf3 Ne4 88. Qf5+ Kd4 89. Qf4 Kd3 90. Kf5 Nc3 91. Qg3+ Kc4 92. Qh4+ Kd3 93. Qxf6 Nd5 94. Qh4 Ne3+ 95. Kg5 Nc4 96. Qh3+ Ne3 97. Kf4 Kc2 98. Qxe3 Kb1 99. Qd2 Ka1 100. Ke3 Kb1 101. Kd3 Ka1 102. Kc3 Kb1 103. Qb2# 1-0

[Event "Titled Tuesday intern op 16th Apr Late"]
[Site "Chess.com INT"]
[Date "2024.04.16"]
[Round "4"]
[White "Bykov, Egor"]
[Black "Pakleza, Zbigniew"]
[Result "1-0"]
[WhiteElo "2424"]
[BlackElo "2489"]
[PlyCount "57"]
[EventDate "2024.04.16"]
[EventType "swiss (blitz)"]
[EventRounds "11"]
[EventCountry "USA"]
[SourceTitle "CB17_2024"]
[SourceDate "2024.04.24"]
[SourceVersion "1"]
[SourceVersionDate "2024.04.24"]
[SourceQuality "1"]

1. d4 d6 2. Nf3 Bg4 3. g3 Bxf3 4. exf3 c6 5. c4 e6 6. d5 exd5 7. cxd5 c5 8. Bb5+ Nd7 9. 0-0 Be7 10. Nc3 a6 11. Be2 Ngf6 12. g4 0-0 13. a4 Rc8 14. Re1 Ne8 15. Ne4 f5 16. Ng3 fxg4 17. fxg4 Bf6 18. Ra3 g6 19. Ne4 Be5 20. g5 Ng7 21. Bg4 Nf5 22. Rh3 Rf7 23. f4 Bd4+ 24. Kg2 Qf8 25. Ng3 Bg7 26. Nxf5 gxf5 27. Bh5 Re7 28. Re6 Nb6 29. Rhe3 1-0

[Event "Titled Tuesday intern op 16th Apr Late"]
[Site "Chess.com INT"]
[Date "2024.04.16"]
[Round "1"]
[White "Zeneli, Klendi"]
[Black "Pakleza, Zbigniew"]
[Result "0-1"]
[WhiteElo "2156"]
[BlackElo "2489"]
[PlyCount "38"]
[EventDate "2024.04.16"]
[EventType "swiss (blitz)"]
[EventRounds "11"]
[EventCountry "USA"]
[SourceTitle "CB17_2024"]
[SourceDate "2024.04.24"]
[SourceVersion "1"]
[SourceVersionDate "2024.04.24"]
[SourceQuality "1"]

1. e4 d6 2. d4 Nf6 3. Nc3 c6 4. Nf3 Bg4 5. Be2 e6 6. h3 Bh5 7. Be3 d5 8. e5 Nfd7 9. g4 Bg6 10. Qd2 c5 11. dxc5 Bxc5 12. Bxc5 Nxc5 13. Nd4 Nc6 14. Bb5 Qb6 15. f4 Be4 16. Rg1 0-0-0 17. Nxc6 bxc6 18. Bd3 Nxd3+ 19. cxd3 Qxg1+ 0-1

[Event "Titled Tuesday intern op 02nd Apr Early"]
[Site "Chess.com INT"]
[Date "2024.04.02"]
[Round "7"]
[White "Pakleza, Zbigniew"]
[Black "Korobov, Anton"]
[Result "0-1"]
[WhiteElo "2489"]
[BlackElo "2651"]
[PlyCount "92"]
[EventDate "2024.04.02"]
[EventType "swiss (blitz)"]
[EventRounds "11"]
[EventCountry "USA"]
[SourceTitle "CB15_2024"]
[SourceDate "2024.04.10"]
[SourceVersion "1"]
[SourceVersionDate "2024.04.10"]
[SourceQuality "1"]

1. d4 Nf6 2. Nf3 b6 3. Bf4 Bb7 4. e3 e6 5. h3 Bd6 6. Bxd6 cxd6 7. Nbd2 0-0 8. Bd3 d5 9. 0-0 d6 10. c4 Nbd7 11. Qb3 dxc4 12. Bxc4 Rc8 13. Rfc1 Qc7 14. Rc3 Qb8 15. Rac1 a6 16. a4 Nd5 17. R3c2 a5 18. Bb5 N7f6 19. Rxc8 Rxc8 20. Qd1 Nb4 21. Ne1 Qa8 22. Nc4 Qb8 23. Nxb6 Rxc1 24. Qxc1 h5 25. Nc4 Qc7 26. Qd1 Be4 27. f3 Bg6 28. Qd2 Bh7 29. Qf2 d5 30. Ne5 Qc1 31. Kh2 Qd1 32. g4 h4 33. Ng2 g5 34. Qe2 Qc1 35. b3 Kg7 36. Qf2 Bc2 37. Nd7 Nxd7 38. Bxd7 Bxb3 39. f4 Qc7 40. Bb5 Bc2 41. Kg1 f6 42. fxg5 fxg5 43. Ne1 Be4 44. Nf3 Qc1+ 45. Kh2 Nc2 46. Nxg5 Qh1# 0-1

[Event "Titled Tuesday intern op 02nd Apr Early"]
[Site "Chess.com INT"]
[Date "2024.04.02"]
[Round "6"]
[White "Salinas Herrera, Pablo Patricio"]
[Black "Pakleza, Zbigniew"]
[Result "0-1"]
[WhiteElo "2487"]
[BlackElo "2489"]
[PlyCount "72"]
[EventDate "2024.04.02"]
[EventType "swiss (blitz)"]
[EventRounds "11"]
[EventCountry "USA"]
[SourceTitle "CB15_2024"]
[SourceDate "2024.04.10"]
[SourceVersion "1"]
[SourceVersionDate "2024.04.10"]
[SourceQuality "1"]

1. d4 d6 2. Nc3 Nf6 3. e4 c6 4. Be2 b5 5. a3 Nbd7 6. Nf3 e5 7. 0-0 Be7 8. Re1 0-0 9. Bf1 Re8 10. d5 cxd5 11. Nxd5 a6 12. Nxe7+ Qxe7 13. Bg5 Bb7 14. Nd2 h6 15. Bh4 d5 16. exd5 Bxd5 17. c4 bxc4 18. Nxc4 Qe6 19. Ne3 Bb3 20. Qd2 a5 21. Rac1 a4 22. Nc4 Red8 23. Qe3 Rac8 24. Nd2 Rxc1 25. Rxc1 Bd5 26. Qa7 Ra8 27. Qc7 Nb6 28. Bg3 Rc8 29. Qxb6 Rxc1 30. Qxe6 Bxe6 31. Bxe5 Nd7 32. Bc3 Nb6 33. Bd4 Nc4 34. Nf3 Bd5 35. h4 Bxf3 36. gxf3 Nd2 0-1

[Event "Titled Tuesday intern op 12th Mar Late"]
[Site "Chess.com INT"]
[Date "2024.03.12"]
[Round "11"]
[White "Pakleza, Zbigniew"]
[Black "Mizzi, Jack"]
[Result "1-0"]
[WhiteElo "2482"]
[BlackElo "2043"]
[PlyCount "85"]
[EventDate "2024.03.12"]
[EventType "swiss (blitz)"]
[EventRounds "11"]
[EventCountry "USA"]
[SourceTitle "CB12_2024"]
[SourceDate "2023.10.01"]
[SourceVersion "1"]
[SourceVersionDate "2023.10.01"]
[SourceQuality "1"]

1. g3 Nf6 2. d3 d5 3. c3 e5 4. e3 Bd6 5. f3 0-0 6. b3 c5 7. a3 Nc6 8. Ne2 e4 9. dxe4 dxe4 10. f4 Bg4 11. Bg2 Bc7 12. Qxd8 Raxd8 13. Nd2 Rfe8 14. h3 Bxe2 15. Kxe2 Rd3 16. Nxe4 Nxe4 17. Kxd3 Nxg3 18. Rd1 Na5 19. Kc2 c4 20. bxc4 Nxc4 21. Rd7 Bb6 22. Bd5 Rc8 23. Bxf7+ Kh8 24. Bxc4 Rxc4 25. a4 Ba5 26. Bb2 h6 27. Rxb7 Nf5 28. Re1 Bb6 29. e4 Nd6 30. Rb8+ Kh7 31. e5 Nf5 32. e6 Bc5 33. Rc8 Ne7 34. Rc7 Nd5 35. Rd7 Ne7 36. Kb3 Rxf4 37. Ba3 Bxa3 38. Kxa3 Ng6 39. e7 Nxe7 40. Rexe7 Rf3 41. Rxg7+ Kh8 42. Kb3 Rxh3 43. Rge7 1-0

[Event "Titled Tuesday intern op 12th Mar Late"]
[Site "Chess.com INT"]
[Date "2024.03.12"]
[Round "5"]
[White "Pakleza, Zbigniew"]
[Black "Palacio, Igor Da Paz"]
[Result "1-0"]
[WhiteElo "2482"]
[BlackElo "2172"]
[PlyCount "65"]
[EventDate "2024.03.12"]
[EventType "swiss (blitz)"]
[EventRounds "11"]
[EventCountry "USA"]
[SourceTitle "CB12_2024"]
[SourceDate "2023.10.01"]
[SourceVersion "1"]
[SourceVersionDate "2023.10.01"]
[SourceQuality "1"]

1. g3 Nf6 2. d3 g6 3. e3 Bg7 4. f3 0-0 5. c3 d6 6. b3 Nbd7 7. a3 a6 8. h3 b6 9. Ne2 Bb7 10. Bg2 Ne5 11. 0-0 c5 12. e4 e6 13. d4 cxd4 14. cxd4 Nc6 15. Be3 Ne8 16. Ra2 f5 17. Nf4 Qe7 18. d5 exd5 19. Nxd5 Qf7 20. Bxb6 Ne5 21. f4 Nd7 22. exf5 Nxb6 23. fxg6 hxg6 24. Nxb6 Bxg2 25. Rxg2 Rb8 26. Nd5 Nf6 27. Nbc3 Qa7+ 28. Kh2 Qc5 29. b4 Qc4 30. Nxf6+ Rxf6 31. Qd5+ Qxd5 32. Nxd5 Rf5 33. Ne7+ 1-0

[Event "Chessable Masters Play In"]
[Site "Chess.com INT"]
[Date "2024.01.31"]
[Round "2"]
[White "Pakleza, Zbigniew"]
[Black "Svane, Rasmus"]
[Result "0-1"]
[WhiteElo "2482"]
[BlackElo "2637"]
[PlyCount "196"]
[EventDate "2024.01.31"]
[EventType "swiss (rapid)"]
[EventRounds "9"]
[EventCountry "USA"]
[SourceTitle "CB06_2024"]
[SourceDate "2024.02.07"]
[SourceVersion "1"]
[SourceVersionDate "2024.02.07"]
[SourceQuality "1"]

1. d4 Nf6 2. Nf3 e6 3. Bf4 h6 4. h3 d5 5. Nbd2 c5 6. c3 Nc6 7. e3 Bd6 8. Bxd6 Qxd6 9. Qa4 0-0 10. Qa3 b6 11. Nb3 Nd7 12. Rd1 Bb7 13. Be2 a5 14. 0-0 a4 15. Nbd2 Qc7 16. c4 Nb4 17. Rc1 Bc6 18. dxc5 bxc5 19. cxd5 exd5 20. Nd4 Rfb8 21. Nxc6 Qxc6 22. Rfd1 Qe6 23. Bg4 f5 24. Bf3 Qe7 25. Nb1 Nb6 26. Nc3 Rd8 27. Ne2 Ra7 28. Nf4 Kh7 29. Qc3 c4 30. Qd4 Rb7 31. a3 Nc6 32. Qc3 Rbd7 33. Qc2 g6 34. g3 Ne5 35. Bg2 Kg7 36. h4 h5 37. Rd2 d4 38. exd4 Rxd4 39. Re2 Qf6 40. Rce1 Re8 41. Qc3 Qd6 42. Nh3 Rd3 43. Qa5 Qd4 44. Nf4 Nbd7 45. Nxd3 cxd3 46. Re3 d2 47. Rd1 Nc4 48. Qc3 Qxc3 49. bxc3 Nxe3 50. fxe3 Rxe3 51. Rxd2 Nf6 52. Rc2 Rxg3 53. c4 Ng4 54. c5 Ne3 55. Re2 Nxg2 56. Rxg2 Rc3 57. Rd2 Rc4 58. c6 Rxc6 59. Rd4 Ra6 60. Kg2 Kf6 61. Kf3 Ke5 62. Rb4 Ra5 63. Kg3 Rc5 64. Rxa4 Rc3+ 65. Kg2 f4 66. Ra5+ Ke4 67. a4 Rc2+ 68. Kh3 f3 69. Ra6 Ke3 70. Re6+ Kf2 71. Rxg6 Ra2 72. Rg5 Rxa4 73. Rxh5 Rf4 74. Re5 Kf1 75. h5 f2 76. Kg3 Kg1 77. Kxf4 f1Q+ 78. Ke4 Qe2+ 79. Kd5 Qd2+ 80. Ke6 Kf2 81. Rf5+ Kg3 82. Re5 Kg4 83. Kf6 Qd6+ 84. Re6 Qf4+ 85. Ke7 Kxh5 86. Kd7 Kg5 87. Rd6 Kf5 88. Kc6 Ke5 89. Rd5+ Ke6 90. Rc5 Qb4 91. Rb5 Qc4+ 92. Kb6 Kd6 93. Ka5 Qc2 94. Kb4 Kc6 95. Ra5 Qd2+ 96. Ka4 Qb2 97. Rg5 Qa2+ 98. Kb4 Qd2+ 0-1

[Event "Chessable Masters Play In"]
[Site "Chess.com INT"]
[Date "2024.01.31"]
[Round "9"]
[White "Petrov, Nikita"]
[Black "Pakleza, Zbigniew"]
[Result "1-0"]
[WhiteElo "2563"]
[BlackElo "2482"]
[PlyCount "35"]
[EventDate "2024.01.31"]
[EventType "swiss (rapid)"]
[EventRounds "9"]
[EventCountry "USA"]
[SourceTitle "CB06_2024"]
[SourceDate "2024.02.07"]
[SourceVersion "1"]
[SourceVersionDate "2024.02.07"]
[SourceQuality "1"]

1. d4 d6 2. e4 Nf6 3. Nc3 c6 4. Nf3 Bg4 5. Be2 e6 6. 0-0 d5 7. Ne5 Bxe2 8. Qxe2 Be7 9. exd5 exd5 10. Nd1 0-0 11. Ne3 g6 12. N3g4 Nxg4 13. Qxg4 Bf6 14. Bh6 Bg7 15. Bxg7 Kxg7 16. Rae1 f6 17. Nd3 Nd7 18. Nf4 1-0

[Event "Chessable Masters Play In"]
[Site "Chess.com INT"]
[Date "2024.01.31"]
[Round "3"]
[White "Samadov, Read"]
[Black "Pakleza, Zbigniew"]
[Result "0-1"]
[WhiteElo "2502"]
[BlackElo "2482"]
[PlyCount "84"]
[EventDate "2024.01.31"]
[EventType "swiss (rapid)"]
[EventRounds "9"]
[EventCountry "USA"]
[SourceTitle "CB06_2024"]
[SourceDate "2024.02.07"]
[SourceVersion "1"]
[SourceVersionDate "2024.02.07"]
[SourceQuality "1"]

1. Nf3 d5 2. g3 Nf6 3. Bg2 Bf5 4. 0-0 e6 5. c4 c6 6. cxd5 cxd5 7. d3 Nc6 8. Nc3 Be7 9. Bf4 0-0 10. Rc1 h6 11. Qa4 a6 12. Qb3 Na5 13. Qd1 Nc6 14. Qb3 Na5 15. Qd1 Nc6 16. Ne5 Nxe5 17. Bxe5 Qa5 18. Qb3 b5 19. e4 dxe4 20. dxe4 Bg6 21. Bxf6 Bxf6 22. e5 Bxe5 23. Bxa8 Rxa8 24. Rcd1 Rc8 25. Rd7 Bxc3 26. bxc3 Rxc3 27. Qd1 Qxa2 28. h4 h5 29. Ra7 Qd5 30. Rxa6 Qxd1 31. Rxd1 b4 32. Rb6 b3 33. Kf1 Be4 34. Ke1 Bd5 35. Kd2 Rc2+ 36. Ke3 Rb2 37. f3 Kh7 38. Kf4 f6 39. Ke3 Rg2 40. Kf4 b2 41. Ra6 Rd2 42. Rb1 Rd3 0-1

[Event "Titled Tuesday intern op 23rd Jan Late"]
[Site "Chess.com INT"]
[Date "2024.01.23"]
[Round "7"]
[White "Kalavannan, Koby"]
[Black "Pakleza, Zbigniew"]
[Result "1/2-1/2"]
[WhiteElo "2324"]
[BlackElo "2482"]
[PlyCount "160"]
[EventDate "2024.01.23"]
[EventType "swiss (blitz)"]
[EventRounds "11"]
[EventCountry "USA"]
[SourceTitle "CB05_2024"]
[SourceDate "2024.01.31"]
[SourceVersion "1"]
[SourceVersionDate "2024.01.31"]
[SourceQuality "1"]

1. d4 d6 2. c4 e5 3. Nc3 exd4 4. Qxd4 Nc6 5. Qd3 Nf6 6. Nf3 Nb4 7. Qd1 Be7 8. e4 0-0 9. a3 Nc6 10. Bd3 Bg4 11. h3 Bh5 12. 0-0 Ne5 13. Be2 Bxf3 14. Bxf3 Nxc4 15. e5 dxe5 16. Qe2 Nd6 17. Qxe5 Re8 18. Rd1 Qc8 19. Bf4 Bf8 20. Qd4 Qf5 21. Re1 c5 22. Qa4 b5 23. g4 bxa4 24. gxf5 Rac8 25. Nxa4 Nxf5 26. Bb7 Rcd8 27. Bc6 Rxe1+ 28. Rxe1 Nd4 29. Bg2 Re8 30. Rxe8 Nxe8 31. Bb8 a6 32. Ba7 Ne6 33. Bf1 N8c7 34. Bb8 Bd6 35. Bxa6 Nxa6 36. Bxd6 f5 37. b4 cxb4 38. axb4 Nac7 39. Nc3 Ne8 40. Be5 Kf7 41. b5 Nc5 42. b6 Ke6 43. Bd4 Nb7 44. Kg2 g5 45. Kf3 Ned6 46. Ne2 Ne4 47. Ke3 Kd5 48. f3 f4+ 49. Kd3 Nec5+ 50. Bxc5 Kxc5 51. Kc3 Kxb6 52. Kd4 Kc6 53. Ke5 Nc5 54. Kf5 h6 55. Kg6 Nd3 56. Kxh6 Ne5 57. Kxg5 Nxf3+ 58. Kxf4 Nh4 59. Kg5 Nf3+ 60. Kg4 Ne5+ 61. Kf5 Kd6 62. Nf4 Nf3 63. Kg4 Ne5+ 64. Kg5 Ke7 65. h4 Kf7 66. Kf5 Nf3 67. h5 Kg7 68. Kg4 Ne5+ 69. Kg5 Kh7 70. Ne6 Nf7+ 71. Kg4 Ne5+ 72. Kh4 Nf3+ 73. Kg3 Ne5 74. Kf4 Nd7 75. Kg5 Ne5 76. Nf8+ Kg7 77. Ne6+ Kh7 78. Nd4 Nf7+ 79. Kf6 Kh6 80. Nf5+ Kxh5 1/2-1/2

[Event "Titled Tuesday intern op 23rd Jan Late"]
[Site "Chess.com INT"]
[Date "2024.01.23"]
[Round "8"]
[White "Pakleza, Zbigniew"]
[Black "Plazuelo Pascual, Juan"]
[Result "1-0"]
[WhiteElo "2482"]
[BlackElo "2420"]
[PlyCount "133"]
[EventDate "2024.01.23"]
[EventType "swiss (blitz)"]
[EventRounds "11"]
[EventCountry "USA"]
[SourceTitle "CB05_2024"]
[SourceDate "2024.01.31"]
[SourceVersion "1"]
[SourceVersionDate "2024.01.31"]
[SourceQuality "1"]

1. d4 Nf6 2. Nf3 e6 3. Bf4 b6 4. e3 Bb7 5. h3 Bd6 6. Bxd6 cxd6 7. Be2 d5 8. Nbd2 0-0 9. 0-0 Nc6 10. c4 Ne7 11. Qa4 Bc6 12. Qa3 Nf5 13. Rfc1 dxc4 14. Nxc4 Qe7 15. Qxe7 Nxe7 16. Nfe5 Bd5 17. Nd6 Nc8 18. Nb5 Ne7 19. f3 Rfc8 20. Nc7 Rab8 21. Ba6 Bb7 22. Bxb7 Rxb7 23. Nb5 Rxc1+ 24. Rxc1 Ne8 25. Kf2 f6 26. Nc4 Nc8 27. Ke2 Kf8 28. Kd3 Ke7 29. e4 a6 30. Nc3 Ncd6 31. Ne3 h5 32. h4 b5 33. g4 hxg4 34. fxg4 Nf7 35. Ne2 Rc7 36. Rg1 Ned6 37. b3 a5 38. g5 Nd8 39. gxf6+ gxf6 40. h5 N8f7 41. Nf4 Ng5 42. e5 Ndf7 43. Ng6+ Ke8 44. exf6 b4 45. Nc4 Nh7 46. Rf1 d6 47. Nf4 a4 48. Nxe6 Ra7 49. Ng7+ Kd7 50. Nb6+ Kc6 51. Nxa4 Nfg5 52. Rc1+ Kd5 53. Rf1 Rf7 54. Nf5 Rxf6 55. Ne3+ Ke6 56. Rxf6+ Nxf6 57. h6 Nf7 58. Kc4 Nxh6 59. Kxb4 Ne4 60. Kc4 Nf7 61. Nc3 Nf6 62. a4 Kd7 63. a5 Kc6 64. b4 d5+ 65. Kb3 Nd6 66. Ka4 Nc4 67. b5+ 1-0

[Event "Titled Tuesday intern op 23rd Jan Late"]
[Site "Chess.com INT"]
[Date "2024.01.23"]
[Round "2"]
[White "Pakleza, Zbigniew"]
[Black "Santos Flores, Alberto Javier"]
[Result "1-0"]
[WhiteElo "2482"]
[BlackElo "2183"]
[PlyCount "103"]
[EventDate "2024.01.23"]
[EventType "swiss (blitz)"]
[EventRounds "11"]
[EventCountry "USA"]
[SourceTitle "CB05_2024"]
[SourceDate "2024.01.31"]
[SourceVersion "1"]
[SourceVersionDate "2024.01.31"]
[SourceQuality "1"]

1. d4 Nf6 2. Nf3 d6 3. Bf4 g6 4. e3 Bg7 5. h3 0-0 6. Be2 b6 7. 0-0 Bb7 8. a4 a6 9. c3 Nbd7 10. Nbd2 Re8 11. Bh2 e5 12. Qb3 Qe7 13. Rfd1 Ne4 14. Nxe4 Bxe4 15. Nd2 Bb7 16. Bf3 Bxf3 17. Nxf3 e4 18. Nd2 Kh8 19. c4 f5 20. a5 Reb8 21. axb6 Rxb6 22. Qa3 Qf7 23. b4 g5 24. c5 dxc5 25. bxc5 Rg6 26. Qb3 Qxb3 27. Nxb3 c6 28. Bd6 Nf6 29. Na5 Rc8 30. Nc4 Ne8 31. Rxa6 h5 32. Rda1 f4 33. Ra8 Rxa8 34. Rxa8 Re6 35. Ne5 Kh7 36. Rd8 Bxe5 37. Bxe5 fxe3 38. fxe3 Kg6 39. Kf2 Nf6 40. Bxf6 Kxf6 41. g4 hxg4 42. hxg4 Ke7 43. Rg8 Kf6 44. Ke2 Re7 45. Rc8 Re6 46. Kd2 Ke7 47. Rg8 Kf6 48. Kc3 Re7 49. Rc8 Re6 50. Kc4 Kg6 51. Rd8 Kf7 52. Rd6 1-0

[Event "Titled Tuesday intern op 16th Jan Late"]
[Site "Chess.com INT"]
[Date "2024.01.16"]
[Round "5"]
[White "Mickiewicz, Piotr"]
[Black "Pakleza, Zbigniew"]
[Result "0-1"]
[WhiteElo "2239"]
[BlackElo "2482"]
[PlyCount "80"]
[EventDate "2024.01.16"]
[EventType "swiss (blitz)"]
[EventRounds "11"]
[EventCountry "USA"]
[SourceTitle "CB04_2024"]
[SourceDate "2023.10.16"]
[SourceVersion "1"]
[SourceVersionDate "2023.10.16"]
[SourceQuality "1"]

1. e4 d6 2. d4 Nf6 3. Nc3 c6 4. f4 Qb6 5. Nf3 Bg4 6. a3 e6 7. h3 Bxf3 8. Qxf3 d5 9. e5 Nfd7 10. Bd3 c5 11. 0-0 Nc6 12. dxc5 Nxc5 13. Kh1 Nxd3 14. Qxd3 Be7 15. f5 0-0-0 16. fxe6 fxe6 17. Qe3 d4 18. Qg3 dxc3 19. bxc3 Rhf8 20. Be3 Rxf1+ 21. Rxf1 Bc5 22. Bg5 Rf8 23. Rxf8+ Bxf8 24. Qf4 Be7 25. Bxe7 Nxe7 26. Qf7 Kd7 27. Qxg7 h5 28. Qh6 Qb1+ 29. Kh2 Qxc2 30. Qxh5 Qxc3 31. Qd1+ Nd5 32. Qe2 a6 33. a4 Qe3 34. Qb2 Qf4+ 35. Kh1 Kc8 36. Qc2+ Kb8 37. Qb2 Qf1+ 38. Kh2 Qf4+ 39. Kh1 Qxa4 40. Qc2 Qxc2 0-1